El marxismo en América Latina: antología, desde 1909 hasta nuestros días
Uloženo v:
| Hlavní autor: | |
|---|---|
| Médium: | Kniha |
| Jazyk: | španělština |
| Vydáno: |
Santiago
Lom
2007
|
| Vydání: | 1a. ed |
| Edice: | Ciencias Humanas
|
| Témata: | |
| Tagy: |
Přidat tag
Žádné tagy, Buďte první, kdo vytvoří štítek k tomuto záznamu!
|
MARC
| LEADER | 00000cam a2200000 a 4500 | ||
|---|---|---|---|
| 001 | UCH2216 | ||
| 003 | CL-VaPUC | ||
| 008 | 090604e20070000CL |||||||||||||||||spa|d | ||
| 020 | |a 9789562828789 | ||
| 082 | 0 | 4 | |a 335.43098 |b LOW |2 21 |
| 100 | |a Löwy, Michael |e autor |9 536886 | ||
| 245 | 1 | 3 | |a El marxismo en América Latina: antología, desde 1909 hasta nuestros días |
| 250 | |a 1a. ed | ||
| 300 | |a 585 p | ||
| 942 | |c BK | ||
| 945 | |d 20090604 00:00:00 |a rbrito | ||
| 260 | |a Santiago |b Lom |c 2007 | ||
| 650 | 0 | |a Comunismo |9 255588 | |
| 650 | 0 | |a Socialismo |9 255260 | |
| 650 | 0 | |a Movimiento obrero |9 322899 | |
| 651 | 0 | |a América Latina |9 255027 | |
| 583 | |a last modification |c 20160616 01:33:40 |k Rodrigo Vera | ||
| 490 | 0 | |a Ciencias Humanas | |
| 999 | |c 334003 |d 334001 | ||
| 952 | |0 0 |1 0 |4 0 |6 335_430980000000000_LOW_2007 |7 0 |8 X |9 422703 |a FDOBUD |b FDOBUD |d 2019-11-22 |i 4556445 |o 335.43098 LOW 2007 |p 4556445 |r 2019-11-22 |w 2019-11-22 |y BK_X |k BUD | ||
| 952 | |0 0 |1 0 |4 0 |6 335_430980000000000_LOW_2007 |7 0 |8 A |9 422704 |a BIBHIS |b BIBHIS |d 2019-11-22 |i 456152K |o 335.43098 LOW 2007 |p 456152K |r 2025-01-20 |w 2019-11-22 |y BK |k HIS | ||
| 952 | |0 0 |1 0 |3 erb |4 0 |6 335_430980000000000_LOW_2007 |7 0 |8 A |9 422705 |a FDOHBE |b FDOHBE |e Huesbe Llanos, Marco Antonio, 1934- |i 5330009 |o 335.43098 LOW 2007 |p 5330009 |r 2024-01-30 |w 2019-11-22 |y BK |z Catalogado en:20160616 |k HBE | ||